000 01535nam a2200277 c 4500
003 BLK
005 20180420215917.0
008 180413b bul|||||r ||||||| ||bul||
010 _aKNG00026684000
020 _a954-738-010-9
_bиздат.: Литера Прима
040 _aBLK
080 _aПарапсихология. Нумерология. - Халюцинации, пророчества, предсказания, магии, демонология, телепатия, спиритизъм, илюзии, нумерология, мошеничество. Вж и 133 ; 398.4 ; 615.851
_b159.961
_x
_z159.961
080 _aРазузнавателна служба. Тайна служба. Шпионаж. Разузнавателна информация. Вж и 327.84 ; 344.1
_b355.40
_x
_z355.40
100 1 _aГрубер, Елмар Р.
_eпърви автор
_9267517
139 _aГрубер, Елмар Р.
_bГ 88
245 1 0 _a[Пи Си Е] РSI - протоколи
_bТайната изследователска програма на ЦРУ и революционните познания на новата парапсихология
_cЕлмар Р. Грубер.
260 София
_bЛитера Прима
_c1999
300 _a248 с., 8 л.
_bсъс сн.
_c20 см
380 _a1
490 1 _aТайни и загадки
_vКн.42
852 _aЦб 200106
856 4 _qpdf
_u
856 4 _qpdf
_u
942 _cKNG
_n0
944 _aCR
_c15.01.2003
_kВаля_Йорданова
944 _aED
_c16.03.2011
_k
999 _c24179
_d24179